|
|
|
|
| LEADER |
00000naa a2200000uu 4500 |
| 001 |
vtls011090594 |
| 003 |
SK-MaSNL |
| 005 |
20260302110130.0 |
| 008 |
210905|1996 xo |||||||||||||||||eng| |
| 015 |
|
|
|a SNBRA
|
| 035 |
|
|
|a (urnnbn)urn:nbn:sk:snk:ar-a0cq3e
|
| 035 |
|
|
|a (uuid)2f8ecd21-0054-4791-9be3-091cfd83bf57
|
| 035 |
|
|
|a urn:nbn:sk:snk-aavvu4
|
| 040 |
|
|
|a SNKBUCL
|b slo
|c SNKBUCL
|e AACR2
|
| 041 |
0 |
|
|a eng
|
| 044 |
|
|
|a xo
|c SK
|
| 100 |
1 |
|
|a Lasz, Jozef
|4 aut
|9 6477
|
| 245 |
1 |
0 |
|a Calcification of Bee Brood - Experience with Controlling the Infection
|c Jozef Lasz
|
| 773 |
0 |
|
|t Infections in bees and brood in Central and Eastern European countries
|d Bratislava : State Veterinary Administration of the Slovak Republic, 1996
|g S. [67]-70
|z 8071480185
|
| 958 |
|
|
|a OND
|
| 958 |
|
|
|a article12
|
| 958 |
|
|
|a chapter
|
| 999 |
|
|
|c 1241817
|d 1243747
|